| 000 | 00899nam a22002415i 4500 | ||
|---|---|---|---|
| 001 | 173513 | ||
| 003 | ES-MaACL | ||
| 005 | 20250628063347.0 | ||
| 008 | 091203s1964 xxu |||| | fre d | ||
| 080 | _a809.1-52 | ||
| 100 | 1 |
_aMeillet, Antoine ( _d1866-1936) _979843 |
|
| 245 | 1 | 0 |
_aIntroduction á l'étude comparative des langues indoeuropéennes / _cA. Meillet ; pref. by George C. Buck. |
| 260 |
_aAlabama : _bUniversity of Alabama Press, _c[1964] |
||
| 300 |
_aXIV, 516 p. ; _c20 cm. |
||
| 490 | 1 |
_aAlabama linguistic and philological series ; _v3 |
|
| 500 | _aDonativo doctor Calles | ||
| 650 | 1 | 4 |
_aLenguas indoeuropeas- _xGramática comparada. _9141719 |
| 700 | 1 |
_aBuck, George C. _9141720 |
|
| 830 | 0 |
_aAlabama linguistic and philological series ; _v3 _9223558 |
|
| 852 |
_aES-MaACL _jE-13225 _cDEPO2 _hDonativo doctor Calles |
||
| 942 | _2udc | ||
| 999 |
_c173513 _d173513 |
||